Koty - jak je znasz? - Statystyki

Ogólne statystyki
  • Ten quiz został rozwiązany 419 razy
  • Średni wynik to 5 z 30
Statystyki odpowiedzi
Obrazkowy Odpowiedź % Poprawnych
Pers
79%
Sfinks
61%
Maine coon
48%
Ragdoll
39%
Norweski leśny
30%
Kot brytyjski
27%
Rosyjski niebieski
23%
Kot syjamski
19%
Kot bengalski
18%
Devon rex
17%
Szkocki zwisłouchy
12%
Kot europejski
11%
Kot syberyjski
11%
Savannah
8%
Kot orientalny
6%
Cornish rex
5%
Kot abisyński
5%
Kot egzotyczny
5%
Turecki van
5%
Neva masquerade
4%
Turecka angora
4%
Burmilla
3%
Ocicat
3%
Korat
2%
Kot burmański
2%
Kot tajski
2%
Święty kot birmański
2%
Kot kartuski
1%
Kot tonkijski
0%
Snowshoe
0%
Nie znaleziono quizów pasujących do podanych kryteriów
Rozkład punktacji
Procent ludzi z każdym wynikiem
Percentyl według liczby udzielonych odpowiedzi
Twoja historia wyników
Nie rozwiązałeś tego quizu